000
00239nam a22000857a 4500
008
160706b xxu||||| |||| 00| 0 eng d
100
_9
2353
_a
Srivastava, S
245
_a
What is Right? What is Wrong?
260
_a
New Delhi
_b
National Book Trust
999
_c
2030
_d
2030